Euro 2024: Les 25 diables rouges - Statistiques

Statistiques générales
  • Ce quiz a été pris 142 fois
  • Le résultat moyen est 21 sur 25
Statistiques - réponses
Par images Réponse % Correct
Kevin De Bruyne
95%
Axel Witsel
94%
Jan Vertonghen
94%
Romelu Lukaku
94%
Thomas Meunier
94%
Yannick Carrasco
94%
Arthur Theate
93%
Jeremy Doku
92%
Timothy Castagne
92%
Leandro Trossard
91%
Youri Tielemans
91%
Amadou Onana
89%
Koen Casteels
88%
Loïs Openda
88%
Wout Faes
88%
Matz Sels
86%
Charles De Ketelaere
78%
Dodi Lukébakio
78%
Orel Mangala
74%
Zeno Debast
71%
Maxim de Cuyper
70%
Johan Bakayoko
69%
Arthur Vermeeren
57%
Aster Vranckx
56%
Thomas Kaminski
53%
Aucun quiz correspondant
Distribution des résultats
% des personnes avec chaque résultat
Percentile par nombre de réponses
Votre historique - résultats
Vous n’avez pas pris ce quiz